| 000 | 00647nam a22002417a 4500 | ||
|---|---|---|---|
| 003 | UA-OsUOA | ||
| 001 | 53733 | ||
| 007 | ta | ||
| 008 | 20080417b un ||||| |||| 00| 0 ukr d | ||
| 100 | _aСобчик Л. Н. | ||
| 090 |
_a159.98 _bС55 |
||
| 942 | _cBK | ||
| 040 |
_aUA-OsUOA _brus _cUA-OsUOA _dUA-OsUOA |
||
| 245 |
_aМетодика "Исключение предметов" _bПрактическое руководство |
||
| 300 | _a50 с. | ||
| 955 | _a2 | ||
| 041 | _arus | ||
| 080 | _a159.98 | ||
| 020 | _a5-9268-0148-6 | ||
| 260 |
_aСПб _bРечь _c2007 |
||
| 650 | 7 |
_a159.9 Психологія _2UDC |
|
| 999 |
_c339820 _d339820 |
||